00582nam a22002057a 450000500170000000800410001702000180005804000210007604100080009708200180010510000260012324500470014925000120019626000320020830000100024065000300025070000380028070000270031870000310034520230121095114.0230121b ||||| |||| 00| 0 eng d a9789393805478 aIN-DiNCcIN-DiNC dasm a330.1543bINT aBora, Arindameauthor aArthamiti Porisoycby Arindam Borh, Others a1st ed. aDibrugarh:bBanalata,c2022 a222p. aIntroductory Econometrics aHazarika, Bidisah Mahantaeauthor aHazarika, Hemaeauthor aHazarika, Kamalikaeauthor